00830nam a2200181 a 4500003000200000005001700002008004100019050002800060100002600088245014700114260009200261300003900353504004100392650005800433650006400491650005900555650003400614020250523152606.0021127s19uu xx 00 eng d aPGS LB 1050b.B931 2001 aBugna, Marvin Jino S. aThe effects of Interest club to the academic performance of the grade six students of Southville International School /cMarvin Jino S. Bugna. aLas Piñas City, Philippines : bSouthville International School and Colleges,c2001. aUnpaged :billustrations ;c28 cm. aIncludes bibliographical references. aStudent activitiesvEffect on academic achievement.  aExtracurricular activitiesvEffect on academic achievement. aAcademic achievementvStudy and teaching (Elementary). aGrade 6 studentsvActivities.